<?xml version="1.0" encoding="UTF-8"?>
<collection xmlns="http://www.loc.gov/MARC21/slim">
 <record>
  <leader>01754nam a2200205Ia 4500</leader>
  <controlfield tag="001">CTU_149053</controlfield>
  <controlfield tag="008">210402s9999    xx            000 0 und d</controlfield>
  <datafield tag="020" ind1=" " ind2=" ">
   <subfield code="c">52000</subfield>
  </datafield>
  <datafield tag="082" ind1=" " ind2=" ">
   <subfield code="a">621.8</subfield>
  </datafield>
  <datafield tag="082" ind1=" " ind2=" ">
   <subfield code="b">Đ110/P.2</subfield>
  </datafield>
  <datafield tag="100" ind1=" " ind2=" ">
   <subfield code="a">Nguyễn, Thế Đạt</subfield>
  </datafield>
  <datafield tag="245" ind1=" " ind2="0">
   <subfield code="a">Kỹ thuật sản xuất trong chế tạo máy</subfield>
  </datafield>
  <datafield tag="245" ind1=" " ind2="0">
   <subfield code="c">Nguyễn Thế Đạt</subfield>
  </datafield>
  <datafield tag="260" ind1=" " ind2=" ">
   <subfield code="a">Hà Nội</subfield>
  </datafield>
  <datafield tag="260" ind1=" " ind2=" ">
   <subfield code="b">Khoa học và Kỹ thuật</subfield>
  </datafield>
  <datafield tag="260" ind1=" " ind2=" ">
   <subfield code="c">2007</subfield>
  </datafield>
  <datafield tag="520" ind1=" " ind2=" ">
   <subfield code="a">Cuốn sách này trình bày về một số phương pháp gia công tính chủ yếu như mài, khôn, nghiền. Theo tiêu chuẩn của Cộng hòa Liên bang Đức nó thuộc mục 3.3. Các phương pháp gia công với dụng cụ cắt có lưỡi cắt không xác định. Cách trình bày của từng phương pháp gia công trong cuốn sách này xuất phát từ bản chất động học của một quá trình gia công để nghiên cứu các yếu tố ảnh hưởng của quá trình đến kết quả gia công và những vấn đề còn tồn tại. Từ đó có thể khống chế, điều chỉnh các đại lượng ảnh hưởng để có thể đạt được chất lượng và năng suất gia công theo yêu cầu. Ngoài yêu cầu về chất lượng gia công, vấn đề kinh tế cũng được đề cập đến, đặc biệt là ở các phương pháp gia công tinh thì chi phí sản xuất đòi hỏi rất cao.</subfield>
  </datafield>
  <datafield tag="650" ind1=" " ind2=" ">
   <subfield code="a">Machine parts</subfield>
  </datafield>
  <datafield tag="904" ind1=" " ind2=" ">
   <subfield code="i">Giang</subfield>
  </datafield>
  <datafield tag="980" ind1=" " ind2=" ">
   <subfield code="a">Trung tâm Học liệu Trường Đại học Cần Thơ</subfield>
  </datafield>
 </record>
</collection>
